Statistics for What does the flag depict?

Click here to take the quiz!

General Stats

  • This quiz has been taken 70 times
    (52 since last reset)
  • The average score is 6 of 14

Answer Stats

Hint Answer % Correct
CanadaMaple Leaf
95%
Sri LankaLion
70%
BhutanDragon
61%
EgyptEagle of Saladin
59%
LebanonGreen Cedar
59%
BarbadosTrident
57%
LiechtensteinGold Crown
50%
CambodiaAngkor Wat
43%
Papua New GuineaBird of Paradise
36%
DominicaSisserou Parrot
23%
UgandaGrey Crowned Crane
14%
South KoreaTaeguk
7%
LesothoMokorotlo
5%
IndiaLotus Flower
2%

Score Distribution

Percentile by Number Answered

Percent of People with Each Score

Your Score History

You have not taken this quiz since the last reset